ბათუმის შოთა რუსთაველის სახელმწიფო უნივერსიტეტის ბიბლიოთეკა

სამშენებლო თბოფიზიკა : (ბიბ.ჩანაწერი № 39175)

000 -ლიდერი
ფიქსირებული სიგრძის საკონტროლო ველი 00974nam a2200217Ia 4500
001 - საკონტროლო ნომერი
საკონტროლო ველი 5759
003 - საკონტროლო ნომრის იდენტიფიკატორი
საკონტროლო ველი GE_BSU
005 - ბოლო ოპერაციის თარიღი და დრო
საკონტროლო ველი 20190605161547.0
008 - ფიქსირებული სიგრძის მონაცემთა ელემენტები - ზოგადი ინფორმაცია
ფიქსირებული სიგრძის საკონტროლო ველი 181216s1979||||ge |||||||||||||| ||geo||
040 ## - კატალოგიზაციის წყარო
Transcribing agency GE_BSU
041 ## - ენის კოდი
Language code of text/sound track or separate title geo
080 ## - უნივერსალური ათობითი კლასიფიკაციის ინდექსი
Universal Decimal Classification number 69 : 536.5(075.8) რ-26
100 ## - მთავარი ჩანაწერი - პიროვნების სახელი
Personal name რატიანი, გ.
9 (RLIN) 1384
245 ## - ცნობა სათაურის შესახებ
Title სამშენებლო თბოფიზიკა :
Remainder of title სახელმძღვ. /
Statement of responsibility, etc გ. რატიანი, მ. გრძელიშვილი ; რედ. გ .დარჩია.
264 ## - წარმოების, გამოცემის, დისტრიბუციის და სხვა ცნობები
გამოცემის, წარმოების, დისტრიბუციის... ადგილი თბილისი :
გამოცემის, წარმოების, დისტრიბუციის... სახელწოდება განათლება,
გამოცემის, წარმოების, დისტრიბუციის... თარიღი 1979.
300 ## - ფიზიკური აღწერა
Extent 207 გვ. :
Other physical details ნახაზები, დანართები გვ.190-203 ;
Dimensions 22 სმ.
653 ## - INDEX TERM--UNCONTROLLED
Uncontrolled term სამშენებლო თბოფიზიკა.
700 ## - ADDED ENTRY--PERSONAL NAME
Personal name გრძელიშვილი, მ.
Relator term ავტორი
9 (RLIN) 668
700 ## - ADDED ENTRY--PERSONAL NAME
Personal name დარჩია, გ.
Relator term რედაქტორი
9 (RLIN) 667
942 ## - ADDED ENTRY ELEMENTS (KOHA)
Koha item type წიგნი
Source of classification or shelving scheme
ეგზემპლარები
ჩამოწერის სტატუსი დაკარგული ეგზემპლარის სტატუსი კლასიფიკაციის წყარო ან თაროზე გაწყობის სქემა დაზიანების სტატუსი არ გაიცემა მუდმივი მდებარეობა (დაცვის ადგილი) ამჟამინდელი ადგილსამყოფელი თაროზე განთავსების ადგილი შეძენის თარიღი ღირებულება, შესყიდვის ნორმალური ფასი სრული შენახვის შიფრი შტრიხკოდი ბოლო ოპერაციის თარიღი ეგზემპლარის მიმდევრობითი ნომერი (კეტერი?) ფასის ძალაში შესვლის თარიღი ეგზემპლარის სახეობა საჯარო შენიშვნა
          ტექნოლოგიური ფაკულტეტის ბიბლიოთეკა ტექნოლოგიური ფაკულტეტის ბიბლიოთეკა წიგნსაცავი 2018-12-17 1.20 69 : 536.5(075.8) რ-26 12132 2018-12-17 12132 2018-12-17 წიგნი 1.20 ლ.
          ტექნოლოგიური ფაკულტეტის ბიბლიოთეკა ტექნოლოგიური ფაკულტეტის ბიბლიოთეკა წიგნსაცავი 2018-12-17 1.20 69 : 536.5(075.8) რ-26 12133 2018-12-17 1213 2018-12-17 წიგნი 1.20 ლ.
          ტექნოლოგიური ფაკულტეტის ბიბლიოთეკა ტექნოლოგიური ფაკულტეტის ბიბლიოთეკა წიგნსაცავი 2018-12-17 1.20 69 : 536.5(075.8) რ-26 12134 2018-12-17 12134 2018-12-17 წიგნი 1.20 ლ.
          ტექნოლოგიური ფაკულტეტის ბიბლიოთეკა ტექნოლოგიური ფაკულტეტის ბიბლიოთეკა წიგნსაცავი 2018-12-17 1.20 69 : 536.5(075.8) რ-26 12135 2018-12-17 12135 2018-12-17 წიგნი 1.20 ლ.
          ტექნოლოგიური ფაკულტეტის ბიბლიოთეკა ტექნოლოგიური ფაკულტეტის ბიბლიოთეკა წიგნსაცავი 2018-12-17 1.20 69 : 536.5(075.8) რ-26 12136 2018-12-17 12136 2018-12-17 წიგნი 1.20 ლ.